Anuario Internacional CIDOB.... : claves para interpretar la Política Exterior Española y las Relaciones Internacionales en .... / Coordinación: Anna Borrull, Carmen Claudín ; edición: Albert Mauri claves para interpretar la Política Exterior Española y las Relaciones Internacionales en .... / Coordinación:
MARC
| LEADER | 00000nam a2200000Ia 4500 | ||
|---|---|---|---|
| 001 | 11909, 12607, 12608 | ||
| 003 | BGR | ||
| 005 | 20260324175556.0 | ||
| 008 | 160829s1996 xx 000 0 cat d | ||
| 020 | |a 1133-2743 | ||
| 080 | |a M-1-193, M-1-194, M-1-195 | ||
| 245 | |a Anuario Internacional CIDOB.... : |b claves para interpretar la Política Exterior Española y las Relaciones Internacionales en .... / Coordinación: |b Anna Borrull, Carmen Claudín ; edición: |b Albert Mauri | ||
| 260 | |a Barcelona : |b Fundació CIDOB, |c 1996 | ||
| 300 | |a 629 p. : |b a dues columnes ; |c 27 cm | ||
| 650 | 0 | |a Cooperació internacional |9 20418 | |
| 650 | |a Espanya |x Relacions exteriors |9 33331 | ||
| 650 | |a Política mundial |x Anuaris |9 33332 | ||
| 700 | 1 | |a Borrull, Anna |9 33333 | |
| 700 | |a Mauri, Albert, ed. I |9 33335 | ||
| 700 | 1 | |a Claudín, Carmen |9 36069 | |
| 710 | 2 | |a Centre d'Informació i Documentació Internacionals a Barcelona (CIDOB) |9 52934 | |
| 866 | |a 1995: 629 p., 1996: 438 p.,1997: 500 p. | ||
| 901 | |a Arxiu | ||
| 942 | |n 1 |2 udc |c MON | ||
| 952 | |0 0 |1 0 |4 0 |6 M1193_M1194_M1195 |7 1 |9 46270 |a Arxiu |b Arxiu |d 2016-12-01 |l 0 |o M-1-193, M-1-194, M-1-195 |p 11909, 12607, 12608 |r 2016-12-01 00:00:00 |w 2016-12-01 |y ARXIU | ||
| 999 | |c 49772 |d 49772 | ||